ՀՀ Գիտությունների ազգային ակադեմիայի հիմնարար գիտական գրադարան  =   Fundamental Scientific Library of NAS RA

Հարթավայրի սիրտը : (Record no. 93712)

MARC details
000 -LEADER
fixed length control field 00798nam a2200193 a 4500
001 - CONTROL NUMBER
control field 000259512
003 - CONTROL NUMBER IDENTIFIER
control field AM-YeHGA
005 - DATE AND TIME OF LATEST TRANSACTION
control field 20250618071735.0
008 - FIXED-LENGTH DATA ELEMENTS--GENERAL INFORMATION
fixed length control field 030908s1982 ai 000 | arm d
040 ## - CATALOGING SOURCE
Original cataloging agency AM-YeHGA
090 ## - LOCALLY ASSIGNED LC-TYPE CALL NUMBER (OCLC); LOCAL CALL NUMBER (RLIN)
-- 95012
100 1# - MAIN ENTRY--PERSONAL NAME
Personal name Բեյլերյան, Հրաչյա Հայկի,
Dates associated with a name 1952-2013
9 (RLIN) 2792
245 10 - TITLE STATEMENT
Title Հարթավայրի սիրտը :
Remainder of title [Բանաստեղծություններ] /
Statement of responsibility, etc. Մ. Բեյլերյան; Խմբ.՝ Դ.Մ. Սարգսյան.
260 ## - PUBLICATION, DISTRIBUTION, ETC.
Place of publication, distribution, etc. Երևան :
Name of publisher, distributor, etc. Սովետական գրող,
Date of publication, distribution, etc. 1982.
300 ## - PHYSICAL DESCRIPTION
Extent 34 էջ ;
Dimensions 17 սմ.
440 #0 - SERIES STATEMENT/ADDED ENTRY--TITLE
Title Երիտասարդ ձայներ
650 14 - SUBJECT ADDED ENTRY--TOPICAL TERM
Topical term or geographic name entry element Հայ գրականություն
General subdivision Պոեզիա
700 1# - ADDED ENTRY--PERSONAL NAME
Personal name Սարգսյան, Դավիթ Մկրտչի,
Miscellaneous information (Դավիթ Մկր-Սարգսյան),
Dates associated with a name 1957-
Relator term խմբ.
Relationship edt
9 (RLIN) 3377
Holdings
Withdrawn status Lost status Damaged status Not for loan Collection Home library Current library Date acquired Total checkouts Full call number Barcode Date last seen Cost, replacement price Price effective from Koha item type Public note
        General Fundamental Scientific Library Fundamental Scientific Library 22/12/2016   AI/16678 FL0058590 22/12/2016 10.00 22/12/2016 Գրքեր / Books 30 Days Loan


ՀՀ ԳԱԱ հիմնարար գիտական գրադարան
ՀՀ,Երևան 0019
Մարշալ Բաղրամյան 24/6
հեռախոս:(374-10) 52-47-50
Հետադարձ կապ

All site content, except where otherwise noted, is licensed under a
Creative Commons License